Effectif de l'aviron Bayonnais - Saison 2024-2025 - Statistiques

Statistiques générales
  • Ce quiz a été pris 182 fois
    181 depuis la dernière actualisation
  • Le résultat moyen est 23 sur 43
Statistiques - réponses
Postes Joueurs Nationalité Points % Correct
demi d'ouverture Camille Lopez France 29
94%
pilier Tevita Tatafu Tonga -
88%
Talonneur Facundo Bosch Argentine -
84%
demi d'ouverture Joris Segonds France 14
82%
demi de mêlée Maxime Machenaud France 5
81%
centre Sireli Maqala Fidji 20
81%
centre Manu Tuilagi Angleterre -
79%
3ème ligne Arthur Iturria France -
70%
demi de mêlée Baptiste Germain France -
70%
arrière Gaëtan Germain France -
70%
demi de mêlée Guillaume Rouet France 5
70%
arrière Cheikh Tiberghien France -
67%
pilier Swan Cormenier France -
67%
ailier Matéo carreras Argentine -
65%
3ème ligne Uzair Cassiem Afrique du sud -
65%
centre Federico Mori Italie -
63%
arrière Tom Spring France 5
62%
pilier Luke Tagi Fidji -
61%
3ème ligne Giovanni Habel-Küffner Samoa -
60%
ailier Nadir Megdoud Algérie -
60%
2ème ligne Alexander Moon Angleterre -
56%
Talonneur Lucas Martin France -
56%
2ème ligne Lucas Paulos Argentine -
54%
centre Guillaume Martocq France 5
52%
3ème ligne Rodrigo Bruni Argentine -
52%
3ème ligne Baptiste Chouzenoux France -
51%
3ème ligne Esteban Capilla France -
51%
centre Reece Hodge Australie -
50%
ailier Arnaud Erbinartegaray France -
47%
pilier Andy Bordelai France -
43%
3ème ligne Baptiste Heguy France -
42%
pilier Pascal Cotet France -
39%
arrière Yohan Orabé France -
37%
pilier Pieter Scholtz Afrique du sud -
36%
Talonneur Vincent Giudicelli France -
33%
2ème ligne Veikoso Poloniati Nouvelle-zélande -
30%
2ème ligne Denis Marchois France -
28%
3ème ligne Rémi Bourdeau France -
26%
pilier Quentin Béthune France -
25%
ailier Aurelien Callandret France -
24%
ailier Xan Mousques France 5
10%
3ème ligne Robin Dione France -
8%
3ème ligne Aitor Fourcade France -
3%
Aucun quiz correspondant
Distribution des résultats
% des personnes avec chaque résultat
Percentile par nombre de réponses
Votre historique - résultats
Vous n’avez pas pris ce quiz depuis la dernière actualisation